000 00242nam a2200109Ia 4500
008 240625s9999 xx 000 0 und d
041 _aeng
082 _a658.4092 RUS
100 _aRUSSELL LOU
245 _aLEADERSHIP TRAINING
260 _c2006
999 _c34834
_d34834